International Handbook of Electronic Commerce (Record no. 1304986)

MARC details
000 -LEADER
fixed length control field 00599nam a2200193Ia 4500
005 - DATE AND TIME OF LATEST TRANSACTION
control field 20250326144754.0
008 - FIXED-LENGTH DATA ELEMENTS--GENERAL INFORMATION
fixed length control field 250326s9999 xx 000 0 und d
020 ## - INTERNATIONAL STANDARD BOOK NUMBER
International Standard Book Number 1-57958-260-5
037 ## - SOURCE OF ACQUISITION
Stock number Textbook
040 ## - CATALOGING SOURCE
Original cataloging agency FMSL
Language of cataloging eng
Transcribing agency FMSL
041 ## - LANGUAGE CODE
Language code of text/sound track or separate title eng
Source of code eng
084 ## - COLON CLASSIFICATION NUMBER
Classification number X0bD658(2:55)g.1 P0
Assigning agency FMSL
100 ## - MAIN ENTRY--PERSONAL NAME
Personal name Shim Jae K.
245 #0 - TITLE STATEMENT
Title International Handbook of Electronic Commerce
Statement of responsibility, etc. Shim Jae K.; Qureshi Anique A.
260 ## - PUBLICATION, DISTRIBUTION, ETC.
Place of publication, distribution, etc. Chicago
Name of publisher, distributor, etc. Chicago, Fitzroy Dearborn Publishers
Date of publication, distribution, etc. 2000
300 ## - PHYSICAL DESCRIPTION
Extent 309p
942 ## - ADDED ENTRY ELEMENTS (KOHA)
Koha item type Textbook
Classification part X0bD658(2:55)g.1 P0
Holdings
Withdrawn status Lost status Damaged status Not for loan Home library Current library Date acquired Total Checkouts Full call number Barcode Date last seen Price effective from Koha item type
        Faculty of Management Library Faculty of Management Library 2025-03-26   X0bD658(2:55)g.1 P0 ML1264483 2025-03-26 2025-03-26 Textbook
Copyright @ Delhi University Library System